Statistics for NBA Best Winning Starters Per Team

Click here to take the quiz!

General Stats

  • This quiz has been taken 70 times
    (9 since last reset)
  • The average score is 82 of 150

Answer Stats

Team Position Player % Correct
ClippersCDeAndre Jordan
100%
BullsSGMichael Jordan
100%
CavaliersSGDelonte West
100%
PelicansPFDavid West
100%
PacersSGReggie Miller
100%
LakersPGJerry West
100%
JazzPGJohn Stockton
86%
ClippersPGChris Paul
86%
ClippersSFMatt Barnes
86%
GrizzliesPGMike Conley
86%
ClippersPFBlake Griffin
86%
HeatPGMario Chalmers
86%
GrizzliesSGTony Allen
86%
GrizzliesPFZach Randolph
86%
GrizzliesCMarc Gasol
86%
HeatPFChris Bosh
86%
HeatSGDwyane Wade
86%
SpursSGDanny Green
86%
MagicCShaquille O'Neal
86%
SunsSFJoe Johnson
86%
JazzPFKarl Malone
86%
KingsSFArnie Johnson
86%
WarriorsPFDraymond Green
86%
WarriorsSFHarrison Barnes
86%
WarriorsSGKlay Thompson
86%
WarriorsPGStephen Curry
86%
TimberwolvesPFKevin Garnett
86%
BucksCKareem Abdul-Jabbar
86%
PistonsPGChauncey Billups
86%
ThunderCErvin Johnson
86%
BullsSFScottie Pippen
86%
BullsPFDennis Rodman
86%
MagicPGPenny Hardaway
86%
CavaliersSFLeBron James
86%
PelicansSFPeja Stojakovic
71%
NetsPGJason Kidd
71%
MagicSGNick Anderson
71%
PelicansCTyson Chandler
71%
MavericksPFDirk Nowitzki
71%
PacersPFJermaine O'Neal
71%
WizardsCWes Unseld
71%
PistonsSFTayshaun Prince
71%
SpursCTim Duncan
71%
WizardsPFElvin Hayes
71%
Trail BlazersSGClyde Drexler
71%
ThunderPFShawn Kemp
71%
ThunderPGGary Payton
71%
SunsCAmar'e Stoudemire
71%
SunsPGSteve Nash
71%
SpursPGTony Parker
71%
PistonsPFRasheed Wallace
71%
RocketsCClint Capela
71%
RocketsPFRyan Anderson
71%
KnicksPGWalt Frazier
71%
RocketsSGJames Harden
71%
RaptorsPFPascal Siakam
71%
RaptorsPGKyle Lowry
71%
KnicksCWillis Reed
71%
MagicPFHorace Grant
71%
HeatCUdonis Haslem
71%
CavaliersCZydrunas Ilgauskas
71%
CavaliersPFBen Wallace
71%
BullsCLuc Longley
71%
BullsPGRon Harper
71%
BucksPFGreg Smith
71%
HawksCAl Horford
71%
HornetsSGTony Smith
71%
GrizzliesSFRudy Gay
57%
ClippersSGJ.J. Redick
57%
CelticsSFJohn Havlicek
57%
HawksPGJeff Teague
57%
SpursSFKawhi Leonard
57%
RaptorsSGFred VanVleet
57%
PistonsSGRichard Hamilton
57%
NetsPFKenyon Martin
57%
NetsSFKeith Van Horn
57%
CelticsPGJo Jo White
57%
JazzSGJeff Hornacek
57%
SunsPFShawn Marion
57%
CavaliersPGMo Williams
57%
ThunderSFDetlef Schrempf
57%
JazzSFBryon Russell
57%
Trail BlazersPFBuck Williams
57%
BucksPGOscar Robertson
57%
76ersCWilt Chamberlain
57%
WarriorsCAndrew Bogut
57%
TimberwolvesPGSam Cassell
43%
Trail BlazersPGTerry Porter
43%
CelticsCDave Cowens
43%
RocketsSFTrevor Ariza
43%
RaptorsSFOG Anunoby
43%
76ersPFBilly Cunningham
43%
WizardsPGKevin Porter
43%
76ersPGWali Jones
43%
HawksSGKyle Korver
43%
HornetsPGMuggsy Bogues
43%
NuggetsSFDanilo Gallinari
43%
76ersSGHal Greer
43%
NuggetsSGAndre Iguodala
43%
MavericksSGJason Terry
43%
HornetsSFGlen Rice
43%
MavericksPGDevin Harris
29%
TimberwolvesSFLatrell Sprewell
29%
SpursPFLaMarcus Aldridge
29%
MagicSFDennis Scott
29%
LakersSGGail Goodrich
29%
NuggetsPGTy Lawson
29%
HawksPFPaul Millsap
29%
KnicksPFDave DeBusschere
29%
76ersSFChet Walker
29%
PacersSFRon Artest
29%
JazzCGreg Ostertag
29%
KingsSGBobby Wanzer
14%
KingsPFJack Coleman
14%
BucksSGJon McGlocklin
14%
Trail BlazersCKevin Duckworth
14%
LakersSFJim McMillian
14%
Trail BlazersSFJerome Kersey
14%
BucksSFBob Dandridge
14%
LakersPFHappy Hairston
14%
KingsPGBob Davies
14%
KingsCArnie Risen
14%
CelticsSGDon Chaney
14%
NuggetsPFKenneth Faried
14%
ThunderSGHersey Hawkins
14%
HornetsPFAnthony Mason
14%
HornetsCVlade Divac
14%
NetsSGKerry Kittles
14%
KnicksSGDick Barnett
14%
WizardsSFMike Riordan
0%
WizardsSGPhil Chenier
0%
KnicksSFBill Bradley
0%
PacersPGJamaal Tinsley
0%
NuggetsCKosta Koufos
0%
PacersCJeff Foster
0%
CelticsPFPaul Silas
0%
NetsCTodd MacCulloch
0%
SunsSGQuentin Richardson
0%
MavericksCErick Dampier
0%
MavericksSFJosh Howard
0%
PelicansSGMorris Peterson
0%
TimberwolvesSGTrenton Hassell
0%
HawksSFDeMarre Carroll
0%

Score Distribution

Percentile by Number Answered

Percent of People with Each Score

Your Score History

You have not taken this quiz since the last reset